[Event "Moscow-ch final (Women)"]
[Site "Moscow"]
[Date "2019.04.06"]
[Round "8"]
[White "Seregina, Maria"]
[Black "Danilova, Rada"]
[Result "1-0"]
[WhiteElo "1853"]
[BlackElo "1930"]
[PlyCount "111"]
[EventDate "2019.03.30"]
[EventType "swiss"]
[EventRounds "9"]
[EventCountry "RUS"]
[SourceTitle "CBM 189 Extra"]
[Source "ChessBase"]
[SourceDate "2019.06.03"]
[SourceVersion "1"]
[SourceVersionDate "2019.06.03"]
[SourceQuality "1"]

1. f4 d5 2. Nf3 Nf6 3. g3 c5 4. Bg2 Nc6 5. d3 b5 6. 0-0 Bb7 7. Kh1 e6 8. Be3 Be7 9. c3 0-0 10. Nbd2 a5 11. Bg1 a4 12. e4 dxe4 13. dxe4 Qc7 14. e5 Nd5 15. Ne4 Na5 16. Qc2 Nc4 17. Nfg5 g6 18. Qe2 h6 19. Nf3 Ba6 20. b3 Ncb6 21. Nfd2 Rac8 22. c4 bxc4 23. bxc4 Nb4 24. g4 Nc2 25. Rac1 Nd4 26. Qe3 Nd7 27. Qh3 Kg7 28. Be3 Rh8 29. f5 exf5 30. Bxd4 cxd4 31. gxf5 Bg5 32. f6+ Kg8 33. e6 Ne5 34. e7 Bxd2 35. Nxd2 Re8 36. Rfe1 Qa5 37. Re2 d3 38. Rf2 Bc8 39. Qg3 Ng4 40. c5 Nxf2+ 41. Qxf2 Qc7 42. Qd4 Bf5 43. Nc4 Rxe7 44. fxe7 Qxe7 45. Ne3 Be6 46. Nd5 Bxd5 47. Bxd5 Qe2 48. Qf6 Rh7 49. Rb1 Rg7 50. Bf3 Qf2 51. c6 d2 52. Rg1 Qc5 53. Qd8+ Kh7 54. Qxd2 f5 55. Rc1 Qa3 56. Rc3 1-0

[Event "Krakow op-B 29th"]
[Site "Krakow"]
[Date "2018.12.27"]
[Round "1"]
[White "Seregina, Maria"]
[Black "Krawczyk, Flawian"]
[Result "1-0"]
[WhiteElo "1907"]
[BlackElo "1641"]
[PlyCount "65"]
[EventDate "2018.12.27"]
[EventType "swiss"]
[EventRounds "9"]
[EventCountry "POL"]
[SourceTitle "CBM 189 Extra"]
[Source "ChessBase"]
[SourceDate "2019.06.03"]
[SourceVersion "1"]
[SourceVersionDate "2019.06.03"]
[SourceQuality "1"]

1. d4 Nf6 2. c4 g6 3. Nf3 Bg7 4. g3 0-0 5. Bg2 d6 6. 0-0 Nbd7 7. Nc3 e5 8. b3 Re8 9. Bb2 exd4 10. Nxd4 Nc5 11. f3 a5 12. a3 Bd7 13. b4 Ne6 14. Nb3 a4 15. Nd2 Nd4 16. e4 Qb8 17. Kh1 Qa7 18. h3 Nh5 19. Kh2 f5 20. f4 fxe4 21. Ndxe4 Nf5 22. Re1 Bc6 23. Qd2 Bd4 24. Nb5 Bxb5 25. cxb5 Re7 26. Bxd4 Nxd4 27. g4 Rxe4 28. Rxe4 Nb3 29. Qd5+ Kf8 30. gxh5 Nxa1 31. Qe6 Nb3 32. Qf6+ Kg8 33. h6 1-0

[Event "Sochi ChessAmateur op10"]
[Site "Sochi"]
[Date "2018.10.12"]
[Round "1"]
[White "Seregina, Maria"]
[Black "Danielyan, Vahe"]
[Result "1-0"]
[WhiteElo "1923"]
[BlackElo "2256"]
[PlyCount "83"]
[EventDate "2018.10.12"]
[EventType "swiss"]
[EventRounds "9"]
[EventCountry "RUS"]
[SourceTitle "CBM 187 Extra"]
[Source "ChessBase"]
[SourceDate "2018.11.04"]
[SourceVersion "1"]
[SourceVersionDate "2018.11.04"]
[SourceQuality "1"]

1. f4 d5 2. Nf3 Nf6 3. g3 g6 4. Bg2 Bg7 5. d3 0-0 6. 0-0 Nc6 7. c3 Re8 8. Qc2 Bf5 9. Nh4 Bg4 10. h3 Bc8 11. e4 dxe4 12. dxe4 e5 13. f5 b6 14. Bg5 Ba6 15. Rd1 Qe7 16. b4 Rad8 17. Na3 Bb7 18. Nc4 h6 19. Bxf6 Qxf6 20. Ne3 Qg5 21. Qf2 Ne7 22. Nf3 Qf6 23. Ng4 Qc6 24. f6 Rxd1+ 25. Rxd1 h5 26. Nfxe5 Qe6 27. fxg7 hxg4 28. Nxg4 Kxg7 29. e5 Bxg2 30. Qf6+ Qxf6 31. exf6+ Kh8 32. Kxg2 Nf5 33. Rd7 Kg8 34. Rxc7 a5 35. bxa5 bxa5 36. Kf3 Rd8 37. Ne5 a4 38. g4 Nd6 39. Rd7 Rxd7 40. Nxd7 Nb5 41. c4 Nc3 42. c5 1-0

[Event "RUS-chT blitz (Women)"]
[Site "Sochi"]
[Date "2018.10.10"]
[Round "7.3"]
[White "Seregina, Maria"]
[Black "Soboleva, Anastasia"]
[Result "0-1"]
[WhiteElo "1923"]
[BlackElo "1855"]
[PlyCount "61"]
[EventDate "2018.10.10"]
[EventType "team-swiss (blitz)"]
[EventRounds "13"]
[EventCountry "RUS"]
[SourceTitle "CBM 186 Extra"]
[Source "ChessBase"]
[SourceDate "2018.08.24"]
[SourceVersion "1"]
[SourceVersionDate "2018.08.24"]
[SourceQuality "1"]
[WhiteTeam "Moscow Zvezdochki (W)"]
[BlackTeam "Voronezh SDYuSShOR (W)"]
[WhiteTeamCountry "RUS"]
[BlackTeamCountry "RUS"]

1. f4 e5 2. fxe5 d6 3. exd6 Bxd6 4. Nf3 Nc6 5. g3 Ne5 6. d4 Ng4 7. Qd3 Ne7 8. e4 Nc6 9. e5 Bb4+ 10. c3 Be7 11. Bg2 g6 12. Qe2 h5 13. h3 Nh6 14. Nbd2 Nf5 15. Qf2 h4 16. g4 Ng3 17. Rg1 f5 18. Nb3 fxg4 19. hxg4 Bxg4 20. Bf4 Nf5 21. 0-0-0 Qd7 22. d5 Nb8 23. e6 Qa4 24. Bxc7 Qxa2 25. Kc2 Na6 26. Be5 0-0-0 27. Bxh8 Rxh8 28. Rd2 Rd8 29. Nfd4 Nd6 30. Qxh4 Nc4 31. Rb1 0-1

[Event "Voronezh op-A 22nd"]
[Site "Voronezh"]
[Date "2018.06.21"]
[Round "9"]
[White "Seregina, Maria"]
[Black "Yakimenko, Alexander A"]
[Result "0-1"]
[WhiteElo "1873"]
[BlackElo "2094"]
[PlyCount "46"]
[EventDate "2018.06.12"]
[EventType "swiss"]
[EventRounds "9"]
[EventCountry "RUS"]
[SourceTitle "CBM 185 Extra"]
[Source "ChessBase"]
[SourceDate "2018.07.29"]
[SourceVersion "1"]
[SourceVersionDate "2018.07.29"]
[SourceQuality "1"]

1. f4 d5 2. Nf3 c6 3. g3 Bg4 4. Ne5 Bf5 5. d3 f6 6. Nf3 Nd7 7. Nbd2 e5 8. e4 Bg4 9. f5 Qb6 10. Qe2 a5 11. h3 Bxf3 12. Qxf3 Bc5 13. Nb3 Ne7 14. c3 0-0 15. g4 Rad8 16. g5 a4 17. Nxc5 Qxc5 18. Be2 a3 19. Qg3 fxg5 20. Qxg5 Nf6 21. Rg1 Rf7 22. Bh5 Nxh5 23. d4 exd4 0-1

[Event "Moscow op-B (Women) 13th"]
[Site "Moscow"]
[Date "2017.02.04"]
[Round "8"]
[White "Shendrik, Zhanna"]
[Black "Seregina, Maria"]
[Result "0-1"]
[WhiteElo "2072"]
[BlackElo "1841"]
[PlyCount "51"]
[EventDate "2017.01.28"]
[EventType "swiss"]
[EventRounds "9"]
[EventCountry "RUS"]
[SourceTitle "EXT 2018"]
[Source "ChessBase"]
[SourceDate "2017.10.13"]
[SourceVersion "1"]
[SourceVersionDate "2017.10.13"]
[SourceQuality "1"]

1. d4 d5 2. c4 dxc4 3. Nf3 e6 4. Nc3 Nf6 5. Qa4+ Nbd7 6. g3 c5 7. Qxc4 Nb6 8. Qd3 Be7 9. Bg2 0-0 10. 0-0 Nbd5 11. Rd1 cxd4 12. Nxd5 Nxd5 13. Nxd4 Nb4 14. Qb3 Qe8 15. a3 Na6 16. Qc2 e5 17. Nf5 Rb8 18. Be3 b6 19. b4 Bb7 20. Bh3 Bf6 21. Rd7 Qc8 22. Qxc8 Rfxc8 23. Rxb7 Rxb7 24. Nh6+ gxh6 25. Bxc8 Rc7 26. Bxa6 0-1

[Event "Moscow op-B (Women) 13th"]
[Site "Moscow"]
[Date "2017.02.03"]
[Round "7"]
[White "Seregina, Maria"]
[Black "Tolstykh, Arina"]
[Result "1-0"]
[WhiteElo "1841"]
[BlackElo "1407"]
[PlyCount "111"]
[EventDate "2017.01.28"]
[EventType "swiss"]
[EventRounds "9"]
[EventCountry "RUS"]
[SourceTitle "EXT 2018"]
[Source "ChessBase"]
[SourceDate "2017.10.13"]
[SourceVersion "1"]
[SourceVersionDate "2017.10.13"]
[SourceQuality "1"]

1. d4 d5 2. c4 e6 3. Nc3 c6 4. Nf3 Nf6 5. cxd5 exd5 6. Bg5 Be7 7. e3 Bf5 8. Bd3 Bxd3 9. Qxd3 0-0 10. 0-0 Ne4 11. Bxe7 Qxe7 12. Nd2 Nxc3 13. Qxc3 a5 14. a3 a4 15. f3 Nd7 16. e4 dxe4 17. fxe4 Nf6 18. Rae1 Qc7 19. Re3 Rfe8 20. Ref3 Re7 21. e5 Nd5 22. Qc2 Qb6 23. Rd3 Rd7 24. Kh1 Qd8 25. Ne4 Nc7 26. Rh3 h6 27. Nf6+ Kf8 28. Nxd7+ Qxd7 29. Rhf3 Kg8 30. Qf2 Rf8 31. Qh4 Ne6 32. Rd3 c5 33. d5 Qb5 34. Rdf3 Ng5 35. R3f2 c4 36. Qd4 Rd8 37. d6 Ne6 38. Qe3 Rd7 39. Rc1 Qd5 40. Rd2 Qc6 41. Qf3 Qa6 42. Qg4 Qa5 43. Re2 b5 44. Rf2 Qa7 45. Rxf7 Rxf7 46. Qxe6 Qd7 47. Qd5 Qb7 48. Qxb7 Rxb7 49. e6 Kf8 50. g4 Rb6 51. Rd1 Rb8 52. Kg2 Ke8 53. Kf3 Ra8 54. Kf4 g6 55. Ke5 h5 56. Kf6 1-0

[Event "Moscow op-B (Women) 13th"]
[Site "Moscow"]
[Date "2017.01.30"]
[Round "3"]
[White "Seregina, Maria"]
[Black "Alieva, Alexandra"]
[Result "0-1"]
[WhiteElo "1841"]
[BlackElo "2104"]
[PlyCount "108"]
[EventDate "2017.01.28"]
[EventType "swiss"]
[EventRounds "9"]
[EventCountry "RUS"]
[SourceTitle "EXT 2018"]
[Source "ChessBase"]
[SourceDate "2017.10.13"]
[SourceVersion "1"]
[SourceVersionDate "2017.10.13"]
[SourceQuality "1"]

1. d4 Nf6 2. c4 c5 3. d5 b5 4. cxb5 a6 5. Nc3 axb5 6. e4 b4 7. Nb5 d6 8. a4 g6 9. Bd3 Bg7 10. Nf3 0-0 11. 0-0 Bb7 12. Rb1 e6 13. Bf4 Ne8 14. Bc4 e5 15. Bg5 Qd7 16. Bd2 h6 17. b3 Qe7 18. Qc1 Kh7 19. Ne1 f5 20. f3 f4 21. g3 Nd7 22. gxf4 Qh4 23. Ng2 Qh5 24. fxe5 Nxe5 25. Be2 Ba6 26. Nf4 Qh4 27. Ng2 Qe7 28. Nf4 Bxb5 29. axb5 Qg5+ 30. Ng2 Qe7 31. Nf4 Bf6 32. Nd3 Rg8 33. Kh1 g5 34. f4 gxf4 35. Bxf4 Ng7 36. Bxh6 Ne6 37. dxe6 Qxe6 38. Qe3 Ng4 39. Bxg4 Qxg4 40. Qf3 Be5 41. Qxg4 Rxg4 42. Be3 Rxe4 43. Bg1 Rb8 44. Rfe1 Rxe1 45. Rxe1 Rxb5 46. Kg2 Ra5 47. Rb1 Ra2+ 48. Kh3 Rc2 49. Kg4 Bxh2 50. Be3 Be5 51. Rh1+ Kg7 52. Bh6+ Kg6 53. Rh3 c4 54. bxc4 Rxc4+ 0-1

[Event "Chigorin Memorial 24th"]
[Site "St Petersburg"]
[Date "2016.10.16"]
[Round "2"]
[White "Trapeznikova, Darya"]
[Black "Seregina, Maria"]
[Result "1-0"]
[WhiteElo "2093"]
[BlackElo "1797"]
[PlyCount "79"]
[EventDate "2016.10.15"]
[EventType "swiss"]
[EventRounds "9"]
[EventCountry "RUS"]
[SourceTitle "CBM 175 Extra"]
[Source "ChessBase"]
[SourceDate "2016.12.12"]
[SourceVersion "1"]
[SourceVersionDate "2016.12.12"]
[SourceQuality "1"]

1. d4 Nf6 2. c4 g6 3. Nc3 d5 4. e3 Bg7 5. Nf3 0-0 6. b4 c6 7. Bd3 a5 8. b5 dxc4 9. Bxc4 c5 10. Bb2 cxd4 11. Nxd4 Qc7 12. Qb3 Nbd7 13. Rc1 Nc5 14. Qa3 e5 15. Nb3 Nxb3 16. Qxb3 Be6 17. Bxe6 fxe6 18. Qxe6+ Qf7 19. Qxf7+ Rxf7 20. e4 Nh5 21. g3 Rf3 22. Nd5 Raf8 23. 0-0 Nf6 24. Nxf6+ Bxf6 25. Rc7 Rb8 26. Rd1 Bd8 27. Rcd7 Bb6 28. Bxe5 Re8 29. Bd4 Bxd4 30. R1xd4 Ref8 31. Rd2 R3f7 32. f4 Kg7 33. Kf2 Rb8 34. Ke3 h5 35. e5 b6 36. e6 Rxd7 37. exd7 Rd8 38. Ke4 Kf7 39. Ke5 Ke7 40. Rd6 1-0